h1

h2

h3

h4

h5
h6
000466268 001__ 466268
000466268 005__ 20240712112426.0
000466268 037__ $$aRWTH-2015-02004
000466268 041__ $$aEnglish
000466268 1001_ $$0P:(DE-82)113442$$aZakerzadeh, Hamed$$b0$$urwth
000466268 245__ $$aOn the Mach-Uniformity of Lagrange-Projection Scheme$$honline
000466268 260__ $$c2015
000466268 3367_ $$0PUB:(DE-HGF)25$$2PUB:(DE-HGF)$$aPreprint$$bpreprint$$mpreprint
000466268 3367_ $$2ORCID$$aWORKING_PAPER
000466268 3367_ $$2DRIVER$$apreprint
000466268 3367_ $$2DataCite$$aOutput Types/Working Paper
000466268 3367_ $$028$$2EndNote$$aElectronic Article
000466268 3367_ $$2BibTeX$$aARTICLE
000466268 4900_ $$aPreprint / Institut für Geometrie und Praktische Mathematik, RWTH$$v422
000466268 591__ $$aGermany
000466268 653_7 $$2eng$$aAll-Mach number scheme
000466268 653_7 $$2Lagrange–projection scheme$$2eng
000466268 653_7 $$2eng$$aasymptotic preserving scheme
000466268 653_7 $$2eng$$astability analysis
000466268 8564_ $$uhttps://www.igpm.rwth-aachen.de/forschung/preprints/422$$yFulltext
000466268 909CO $$ooai:publications.rwth-aachen.de:466268$$pVDB
000466268 9141_ $$y2015
000466268 9201_ $$0I:(DE-82)111520_20140620$$k111520$$lLehr- und Forschungsgebiet Mathematik und Abteilung für Numerische Mathematik$$x0
000466268 9201_ $$0I:(DE-82)110000_20140620$$k110000$$lFachgruppe Mathematik$$x1
000466268 961__ $$c2015-05-06T10:48:22.215409$$x2015-05-06T10:48:22.215409$$z2015-06-05
000466268 980__ $$apreprint
000466268 980__ $$aUNRESTRICTED
000466268 980__ $$aVDB
000466268 980__ $$aI:(DE-82)111520_20140620
000466268 980__ $$aI:(DE-82)110000_20140620